ARRUPE JESUIT UNIVERSITY

CORONAVIRUS -STOP THE SPREAD - CLEAN,DISINFECT,COVER

Recollections, 1832 to 1886, (Record no. 124117)

MARC details
000 -LEADER
fixed length control field 00793cam a22002411 4500
001 - CONTROL NUMBER
control field 6316335
003 - CONTROL NUMBER IDENTIFIER
control field ARRUPE
005 - DATE AND TIME OF LATEST TRANSACTION
control field 20160211080454.0
008 - FIXED-LENGTH DATA ELEMENTS--GENERAL INFORMATION
fixed length control field 780417s1899 nyucf 000 0aeng
010 ## - LIBRARY OF CONGRESS CONTROL NUMBER
LC control number 99005908
035 ## - SYSTEM CONTROL NUMBER
System control number (OCoLC)3804793
040 ## - CATALOGING SOURCE
Original cataloging agency DLC
Transcribing agency NcGrE
Modifying agency OCoLC
-- DLC
042 ## - AUTHENTICATION CODE
Authentication code premarc
050 00 - LIBRARY OF CONGRESS CALL NUMBER
Classification number SPC DA565.W5
Item number A3 1899
300 ## - PHYSICAL DESCRIPTION
Other physical details front., plates, ports.
Dimensions 21 cm.
100 1# - MAIN ENTRY--PERSONAL NAME
Personal name West, Algernon,
Titles and other words associated with a name Sir,
Dates associated with a name 1832-1921.
9 (RLIN) 22120
245 00 - TITLE STATEMENT
Title Recollections, 1832 to 1886,
Statement of responsibility, etc by the Right Honorable Sir Algernon West ...
260 ## - PUBLICATION, DISTRIBUTION, ETC. (IMPRINT)
Place of publication, distribution, etc London,
Name of publisher, distributor, etc Smith, Elder
Date of publication, distribution, etc 1899.
300 ## - PHYSICAL DESCRIPTION
Extent xiii, 378p.
600 ## - SUBJECT ADDED ENTRY--PERSONAL NAME
Personal name West, Algernon
9 (RLIN) 22121
651 #0 - SUBJECT ADDED ENTRY--GEOGRAPHIC NAME
Geographic name Great Britain
General subdivision Politics and government
Chronological subdivision 1837-1901.
9 (RLIN) 22122
906 ## - LOCAL DATA ELEMENT F, LDF (RLIN)
a 7
b cbc
c oclcrpl
d u
e ncip
f 18
g y-gencatlg
942 ## - ADDED ENTRY ELEMENTS (KOHA)
Source of classification or shelving scheme Library of Congress Classification
Koha item type Monograph ( Printed materials)
Holdings
Withdrawn status Lost status Source of classification or shelving scheme Damaged status Not for loan Collection code Home library Current library Shelving location Date acquired Total Checkouts Full call number Barcode Date last seen Copy number Price effective from Koha item type
    Library of Congress Classification     SPECIAL Collection ARRUPE LIBRARY ARRUPE LIBRARY Main Collection 09/02/2016   SPC DA565.W5A3 1899 46500006822 09/02/2016 v.1 09/02/2016 SPC

 

Arrupe Library. PO Box MP320 Mt Pleasant, Harare, Zimbabwe
263 242 745411|librarian@aju.ac.zw